000
00213nam a22000857a 4500
008
160916b xxu||||| |||| 00| 0 eng d
100
_9
608
_a
Khattri.S.
245
_a
English Grammer-5
260
_a
New Delhi
_b
Book.ma
_c
2012
999
_c
3266
_d
3266